000 01698nam a22002417a 4500
005 20250801134825.0
006 a|||||r|||||||||||
008 t19891990 a b 001 0 eng d
020 _a0201180383
020 _a0201180383
040 _aGR-AtMCL
_dGR-AtMCL
_bgre
_eAACR2
100 1 _aDeitel, Harvey M.,
_d1945-
_91838
245 1 3 _aAn introduction to operating systems /
_cHarvey M. Deitel.
250 _a2nd ed.
260 _aReading, Mass. :
_bAddison-Wesley Pub. Co.,
_c1989, c1990.
300 _axxvi, 853 p. :
_bill. ;
_c25 cm.
504 _aIncludes bibliographical references and index.
520 _a The third edition of Operating Systems has been entirely updated to reflect current core operating system concepts and design considerations. To complement the discussion of operating system concepts, the book features two in-depth case studies on Linux and Windows XP. The case studies follow the outline of the book, so readers working through the chapter material can refer to each case study to see how a particular topic is handled in either Linux or Windows XP. Using Java code to illustrate key points, Operating Systems introduces processes, concurrent programming, deadlock and indefinite postponement, mutual exclusion, physical and virtual memory, file systems, disk performance, distributed systems, security and more. New to this edition are a chapter on multithreading and extensive treatments of distributed computing, multiprocessing, performance, and computer security. An ideal up-to-date book for beginner operating systems readers.
650 0 _aOperating systems (Computers)
_99911
650 0 _aComputing
_99851
942 _cBK
999 _c9850
_d9850